| 000 | 01760nab a22002657a 4500 | ||
|---|---|---|---|
| 999 |
_c6449 _d6449 |
||
| 003 | OSt | ||
| 005 | 20260204113703.0 | ||
| 008 | 190429b xxu||||| |||| 00| 0 spa d | ||
| 040 | _cPJ | ||
| 100 |
_aSantoianni, Juan Pablo _96636 |
||
| 245 | 1 | 3 |
_aEl plazo de prescripción de la acción penal en los delitos reprimidos con penas conjuntas / _cJuan Pablo Santoianni. |
| 260 |
_cCiudad Autónoma de Buenos Aires : _aThomson Reuters La Ley, _b2024. |
||
| 300 | _ap. 30-39 | ||
| 500 | _aCita Online: AR/DOC/2689/2023. | ||
| 505 | _aSumario: I. Introducción.— II. Aspectos centrales del fallo "S., R. A.".— III. Aspectos generales sobre la prescripción de la acción penal en delitos reprimidos con penas conjuntas.— IV. El plazo de prescripción de la acción penal en los delitos reprimidos con pena de prisión e inhabilitación conjunta. Distintas posturas.— V. Consideraciones sobre el plazo de prescripción de la acción penal en los delitos reprimidos con pena de prisión e inhabilitación conjunta.— VI. El plazo de prescripción de la acción penal en el fallo "S., R. A.".— VII. Conclusiones. | ||
| 505 | _aFallo comentado: CNCrim. y Correc., sala I ~ 31/08/2023 ~ S., R. A. s/ extinción de la acción penal - prescripción. | ||
| 505 | _tSi te interesa el texto completo, solicitalo a koha@justierradelfuego.gov.ar | ||
| 650 | 0 |
_9343 _aDERECHO PENAL |
|
| 650 | 0 |
_93902 _aPRESCRIPCIÓN DE LA ACCIÓN PENAL |
|
| 650 | 0 |
_92208 _aPENA PRIVATIVA DE LA LIBERTAD |
|
| 650 | 0 |
_92678 _aACCIÓN PENAL |
|
| 650 | 0 |
_93902 _aPRESCRIPCIÓN DE LA ACCIÓN PENAL |
|
| 773 | 0 |
_02658 _93164 _tRevista de derecho penal y criminología. Nº 2 - Marzo 2024 _dCiudad Autónoma de Buenos Aires : Thomson Reuters La Ley, 2017- _x00347914 |
|
| 942 |
_2udc _cANA |
||